000 01776nam0a2200373 4500
001 RU\NLR\bibl\829167
005 20260406134127.0
010 _a5-9555-0642-X
_bв пер.
_910000
021 _aRU
_b2005-17773
_9906
035 _aRSL-KNO-002590897
035 _a(NLR Aleph) 000818043
090 _a1283314
_c1283314
100 _a20050418d2005 |||y0rusy50 ca
101 1 _arus
102 _aRU
105 _aa |||||||||
106 _ar
200 1 _aСказки
_e[перевод]
_fШ. Перро, Х.К. Андерсен, Братья Гримм
_gхудож. В.Коркин, А. Лебедев
210 _aМ.
_cДрофа-Плюс
_d2005
_gТвер. полигр. комб. дет. лит.
215 _a93, [2] с.
_cцв. ил.
_d22
327 1 _aСодерж.: Мальчик-с-пальчик; Ослина шкура; Подарки феи; Золушка, или Хрустальная туфелька / Ш. Перро. Новое платье короля / Х.К. Андерсен. Гном-тихогром / Братья Гримм
610 0 _aДетская литература
686 _aШ9(2)70(4Фр)
_2rubbk
686 _aШ9(0)60-4я43
701 1 _4070
_7ca
_8rus
_aПерро
_bШ.
_f1628-1703
_gШарль
_9110440
_3RU\NLR\auth\77385
701 1 _4070
_7ca
_8rus
_aАндерсен
_bХ. К.
_f1805-1875
_gХанс Кристиан
_9112181
_3RU\NLR\auth\772165
701 1 _4070
_7ca
_8rus
_aГримм
_bЯ.
_f1785-1863
_gЯкоб
_9112038
_3RU\NLR\auth\772021
701 1 _4070
_7ca
_8rus
_aГримм
_bВ. К.
_f1786-1859
_gВильгельм Карл
_9112035
_3RU\NLR\auth\772018
801 0 _aRU
_bRuMoRKP
_c20050418
_grcr
801 1 _aRU
_bRuMoRGB
_c20050418
801 2 _aRU
_bNLR
_c20050809
_gPSBO
942 _cBOOK
980 _aNB